000 00440 a2200157 4500
999 _c9387
_d9387
020 _a97891847039200
050 _aKF9219ALL2010
100 _aAllen Michael J.
_eauthor
245 _aElliot and Wood's cases and materials on criminal law /
_cMichael J. Allen
250 _a10th ed
264 _aLondon:
_bThomson Reuters,
_c2010
300 _a783p. :
500 _aincludes index
650 _acriminal law
942 _2lcc
_cBK
_h9219
_iALL
_kKF